000 00274 a2200145 4500
001 178838
020 _a
040 _cMagnum
100 _aAmado, Jorge
240 1 0 _aCarybe
_lpor
245 1 0 _aCarybe
362 0 _a1899
697 _aMAGNITO: BELAS ARTES
942 _cBK
999 _c178838
_d178838